| 000 | 00686nac a22001811u 4500 | ||
|---|---|---|---|
| 020 | _a058220935X | ||
| 082 |
_a621.31924 _bT4681 |
||
| 090 |
_c4518 _d4518 |
||
| 100 | _a Thompson, Francis | ||
| 245 |
_aElectrical installation and workshop technology / _c F.G. Thompson. _nVol.3. |
||
| 250 | _a3rd ed. | ||
| 260 |
_aLondon: _bLongman Scientific and Technical, 1992. _c 1992. |
||
| 300 |
_a224p.: _bill.; _c23 cm. |
||
| 650 | _aElectric wiring, Interior. | ||
| 650 |
_aElectrical equipment _x Installation |
||
| 942 |
_cBB _k621.31924 T4681 |
||
| 999 |
_c4518 _d4518 |
||